=LDR 00000nam 2200000 4500 =001 INLIS000000000024671 =005 20130612123237 =008 ***********************************ind** =035 ##$$0010-061300000024671 =041 ##$$a ind =082 ##$$a 425 =090 ##$$a 425, WIN b =100 ##$$a Winarno, Elan Dwi =245 ##$$a Belajar tuntas tata bahasa Inggris (tanpa guru), Elan Dwi Winarno =260 ##$$a 1998 $b Yogyakarta =300 ##$$a x, 208 hlm., 21 cm =850 ##$$a NBPNMAT